Kraje Amazoni - Statystyki

Ogólne statystyki
  • Ten quiz został rozwiązany 22 razy
    13 od ostatniego zresetowania
  • Średni wynik to 6 z 9
Statystyki odpowiedzi
Kierunek Kraje % Poprawnych
Środkowa Brazylia
100%
Środkowa Boliwia
86%
PółnocnyZachód Kolumbia
86%
Zachodnia Peru
86%
PółnocnyZachód Ekwador
71%
Północ Wenezuela
71%
PółnocnyWschód Gujana
57%
PółnocnyWschód Surinam
43%
PółnocnyWschód Gujana Francuska
29%
Nie znaleziono quizów pasujących do podanych kryteriów
Rozkład punktacji
Procent ludzi z każdym wynikiem
Percentyl według liczby udzielonych odpowiedzi
Twoja historia wyników
Nie rozwiązałeś tego quizu od ostatniego zresetowania